Clash of the titans (Record no. 18073)
[ view plain ]
| 000 -LEADER | |
|---|---|
| fixed length control field | 01931cgm a22004457a 4500 |
| 007 - PHYSICAL DESCRIPTION FIXED FIELD--GENERAL INFORMATION | |
| fixed length control field | vd cgaizm |
| 008 - FIXED-LENGTH DATA ELEMENTS--GENERAL INFORMATION | |
| fixed length control field | 140217t2010 xxu102 e |||| 0| vceng d |
| 020 ## - INTERNATIONAL STANDARD BOOK NUMBER | |
| International Standard Book Number | 5051892011785 |
| 041 1# - LANGUAGE CODE | |
| Language code of text/sound track or separate title | eng |
| -- | ita |
| 082 04 - DEWEY DECIMAL CLASSIFICATION NUMBER | |
| Edition number | 22 |
| Classification number | 791.4372 |
| Item number | CLA |
| 245 00 - TITLE STATEMENT | |
| Title | Clash of the titans |
| Medium | [videorecording] / |
| Statement of responsibility, etc | Warner Bros. Pictures, Legendary Pictures, a Thunder Road Film, Zanunck Company production ; produced by Basil Iwanyk, Kevin De La Noy ; screenplay by Travis Beacham, Phil Hay & Matt Manfredi ; director Louis Leterrier. |
| 250 ## - EDITION STATEMENT | |
| Edition statement | 2.40 : 1 widescreen. |
| 260 ## - PUBLICATION, DISTRIBUTION, ETC. (IMPRINT) | |
| Place of publication, distribution, etc | [Burbank, United States] : |
| Name of publisher, distributor, etc | Warner Bros. Entertainment INC. : |
| -- | Legendary Pictures, |
| Date of publication, distribution, etc | c.2010. |
| 300 ## - PHYSICAL DESCRIPTION | |
| Extent | 1 videodisc (102 min.) : |
| Other physical details | sd., col. ; |
| Dimensions | 4 3/4 in. |
| 508 ## - CREATION/PRODUCTION CREDITS NOTE | |
| Creation/production credits note | Director of photography Peter Menzies ; editors Martin Walsh, Vincent Tabaillon ; music Ramin Djawadi. |
| 511 ## - PARTICIPANT OR PERFORMER NOTE | |
| Participant or performer note | Sam Worthington, Gemma Arterton, Mads Mikkelsen. |
| 521 ## - TARGET AUDIENCE NOTE | |
| Target audience note | Suitable only for persons of 12 years and over. |
| 546 ## - LANGUAGE NOTE | |
| Language note | In English, Italian languages. |
| 650 #0 - SUBJECT ADDED ENTRY--TOPICAL TERM | |
| 9 (RLIN) | 35299 |
| Topical term or geographic name as entry element | Perseus (Greek mythology) |
| Form subdivision | Drama |
| 650 #0 - SUBJECT ADDED ENTRY--TOPICAL TERM | |
| 9 (RLIN) | 35300 |
| Topical term or geographic name as entry element | Gods, Greek |
| Form subdivision | Drama |
| 653 ## - INDEX TERM--UNCONTROLLED | |
| -- | GGEN |
| -- | February2014 |
| 700 1# - ADDED ENTRY--PERSONAL NAME | |
| 9 (RLIN) | 35301 |
| Personal name | Mikkelsen, Mads, |
| Dates associated with a name | 1965- |
| 700 1# - ADDED ENTRY--PERSONAL NAME | |
| 9 (RLIN) | 35261 |
| Personal name | Arterton, Gemma, |
| Dates associated with a name | 1986- |
| 700 1# - ADDED ENTRY--PERSONAL NAME | |
| 9 (RLIN) | 35302 |
| Personal name | Worthington, Sam, |
| Dates associated with a name | 1976- |
| 700 1# - ADDED ENTRY--PERSONAL NAME | |
| 9 (RLIN) | 35303 |
| Personal name | Djawadi, Ramin, |
| Dates associated with a name | 1974- |
| 700 1# - ADDED ENTRY--PERSONAL NAME | |
| 9 (RLIN) | 35304 |
| Personal name | Tabaillon, Vincent |
| 700 1# - ADDED ENTRY--PERSONAL NAME | |
| 9 (RLIN) | 35201 |
| Personal name | Walsh, Martin |
| Dates associated with a name | 1955- |
| 700 1# - ADDED ENTRY--PERSONAL NAME | |
| 9 (RLIN) | 35305 |
| Personal name | Menzies, Peter, |
| Titles and other words associated with a name | Jr |
| 700 1# - ADDED ENTRY--PERSONAL NAME | |
| 9 (RLIN) | 35306 |
| Personal name | Leterrier, Louis, |
| Dates associated with a name | 1973- |
| 700 1# - ADDED ENTRY--PERSONAL NAME | |
| 9 (RLIN) | 35307 |
| Personal name | Manfredi, Matt |
| 700 1# - ADDED ENTRY--PERSONAL NAME | |
| 9 (RLIN) | 35308 |
| Personal name | Hay, Phil |
| 700 1# - ADDED ENTRY--PERSONAL NAME | |
| 9 (RLIN) | 35309 |
| Personal name | Beacham, Travis, |
| Dates associated with a name | 1980- |
| 700 1# - ADDED ENTRY--PERSONAL NAME | |
| 9 (RLIN) | 35310 |
| Personal name | De La Noy, Kevin |
| 700 1# - ADDED ENTRY--PERSONAL NAME | |
| 9 (RLIN) | 35312 |
| Personal name | Iwanyk, Basil |
| 710 2# - ADDED ENTRY--CORPORATE NAME | |
| 9 (RLIN) | 35313 |
| Corporate name or jurisdiction name as entry element | Thunder Road Productions |
| 710 2# - ADDED ENTRY--CORPORATE NAME | |
| 9 (RLIN) | 35288 |
| Corporate name or jurisdiction name as entry element | Legendary Pictures |
| 710 2# - ADDED ENTRY--CORPORATE NAME | |
| 9 (RLIN) | 35255 |
| Corporate name or jurisdiction name as entry element | Warner Bros. Pictures (1969- ) |
| 710 2# - ADDED ENTRY--CORPORATE NAME | |
| 9 (RLIN) | 35314 |
| Corporate name or jurisdiction name as entry element | Darryl F. Zanuck Productions |
| 942 ## - ADDED ENTRY ELEMENTS (KOHA) | |
| Source of classification or shelving scheme | Dewey Decimal Classification |
| Item type | |
| Call number prefix | 791.4372 CLA |
| Withdrawn status | Lost status | Source of classification or shelving scheme | Damaged status | Not for loan | Koha collection | Home library | Current library | Shelving location | Date acquired | Source of acquisition | Total Checkouts | Full call number | Barcode | Date last seen | Koha item type |
|---|---|---|---|---|---|---|---|---|---|---|---|---|---|---|---|
| Dewey Decimal Classification | Baccah | Central Library | Central Library | Second Floor | 17/02/2014 | 791.4372 CLA | 000035636 | 24/08/2022 | CD | DVD - (NB) |